Movies By Clue #6 - Statistics

General Stats
  • This quiz has been taken 1,596 times
  • The average score is 10 of 22
Answer Stats
Hint Answer % Correct
Colonialism In Space, Blue Aliens, James Cameron Avatar
80%
Giant Dome World, Jim Carrey, Reality TV The Truman Show
76%
Are You Not Entertained, Rome, SPQR Gladiator
72%
Cocaine, My Little Friend, Michelle Pfeiffer Scarface
65%
Frank Abagnale Junior, Pilot, Fake Cheques Catch Me If You Can
58%
Bane, Deshi Basara, Catwoman The Dark Knight Rises
57%
Imhotep, Canopic Jars, Brendan Fraser The Mummy
56%
Venom, James Franco, Emo Haircut Spiderman 3
55%
Doors, Scare Record, Boo Monsters Inc.
52%
Mad World, Creepy Bunny Rabbit, Time Travel Donnie Darko
44%
Marlon Brando, Cambodia, The Horror Apocalypse Now
43%
Get Off My Lawn, Korean Gangs, Badass Pensioner Gran Torino
41%
Pissing On A Tiger, Ang Lee, Mr Richard Parker Life of Pi
41%
Troll In The Dungeon, Nimbus 2000, 36 Presents Harry Potter and The Philosopher's Stone
40%
Eye Scanners, Future Crime, Determinism Minority Report
34%
Waterboarding, Torture, Bin Laden Zero Dark Thirty
32%
Jaden Smith's Terrible Acting, Father Son Duo, Fear After Earth
31%
Black Cowboy, The French Mistake, The Old West Blazing Saddles
24%
Owen Wilson, Fitzgerald, France Midnight In Paris
23%
Rocky Marciano, Wall Punching, You Never Got Me Down Ray Raging Bull
18%
Buongiorno Principessa, Holocaust, Tanks Life is Beautiful
17%
Randy The Ram, Bruce Springsteen, Heart Attack The Wrestler
9%
No matching quizzes found
Score Distribution
Percent of People with Each Score
Percentile by Number Answered
Your Score History
You have not taken this quiz